Entrepreneurship: Successfully launching new ventures (Record no. 396940)

MARC details
000 -LEADER
fixed length control field 00573 a2200217 4500
005 - DATE & TIME
control field 20260406125617.0
008 - FIXED-LENGTH DATA ELEMENTS--GENERAL INFORMATION
fixed length control field 260406b |||||||| |||| 00| 0 eng d
020 ## - ISBN
International Standard Book Number 9789353066499
Price Rs. 880.00
040 ## - CATALOGING SOURCE
Original cataloging agency VIVEKANANDA LIBRARY
082 ## - DDC NUMBER
Classification number 388.04
Book Number B277E(6)
100 ## - MAIN ENTRY--PERSONAL NAME
Personal name Barringer, Bruce R
245 ## - TITLE STATEMENT
Title Entrepreneurship: Successfully launching new ventures
250 ## - EDITION STATEMENT
Edition statement 6th
260 ## - PUBLICATION, DISTRIBUTION, ETC. (IMPRINT)
Name of publisher, distributor, etc Pearson India
Place of publication, distribution, etc Noida
Date of publication, distribution, etc 2026
300 ## - PHYSICAL DESCRIPTION
Pages 617
650 ## - Subject
Subject Entrepreneurship
650 ## - Subject
Subject Management
650 ## - Subject
Subject Executive Management
700 ## - Added Entry Personal Name
Added Entry Personal Name Ireland, R Duane
942 ## - ADDED ENTRY ELEMENTS (KOHA)
Koha item type Books
Holdings
Withdrawn status Lost status Source of classification or shelving scheme Damaged status Not for loan Location (home branch) Sublocation or collection (holding branch) Shelving location Date acquired Koha issues (times borrowed) Koha full call number Accession No. Koha date last seen Koha item type
    Dewey Decimal Classification     VIVEKANANDA LIBRARY VIVEKANANDA LIBRARY IMSAR Library 30/03/2026   388.04 B277E(6) 421071 30/03/2026 Books
    Dewey Decimal Classification     VIVEKANANDA LIBRARY VIVEKANANDA LIBRARY IMSAR Library 30/03/2026   388.04 B277E(6) 421072 30/03/2026 Books
    Dewey Decimal Classification     VIVEKANANDA LIBRARY VIVEKANANDA LIBRARY IMSAR Library 30/03/2026   388.04 B277E(6) 421069 30/03/2026 Books
    Dewey Decimal Classification     VIVEKANANDA LIBRARY VIVEKANANDA LIBRARY IMSAR Library 30/03/2026   388.04 B277E(6) 421070 30/03/2026 Books
© Designed and Maintained by Vivekananda Library, MDU Rohtak